=LDR 00000nam 2200000 4500 =001 INLIS000000000040214 =005 20200416102739 =035 ##$$a 0010-061300000040214 =008 200416################g##########0#ind## =041 ##$$a ind =082 ##$$a 2x1.4 =090 ##$$a 2x1.4, Sha, a.3 =100 1#$$a Shayim, Muhammad =245 1#$$a Ayat-ayat pembuka pintu rezeki : $b Amalan penangkal musibah dan pelapang kesempitan /$c Muhammad As-Shayim =260 ##$$a Jakarta :$b Embun Litera,$c 2011 =300 ##$$a viv,158 hlm., ; $c 15 x 15 cm =850 ##$$a NBPNMAT =020 ##$$a 978-602-97435-9-3 =084 ##$$a 2x1.4 SHA a =250 ##$$a cet.1 =650 #4$$a Al-qur'an =990 ##$$a 21106208 =990 ##$$a 91967/BPAP-NTB/2014 =990 ##$$a 21106206 =990 ##$$a 0001/BPAP-NTB/20142014